| 000 | 02796naa a2200337Ia 4500 | ||
|---|---|---|---|
| 003 | OSt | ||
| 005 | 20260417164019.0 | ||
| 008 | 260417s2017 xx 000 0 und d | ||
| 040 |
_aFoundation University _bEng _cFoundation University _erda |
||
| 050 |
_aCBA (FinMgt-FS) LG 221 D35 B87 _bA5 B87 F56 2018 B35 |
||
| 099 | _a799 | ||
| 100 |
_aBalolong, Rosa Mae _91517 _eauthor. |
||
| 245 | 1 | 0 |
_aEstablishment of Pit Shop gasoline station and services in Upper Batinguel, Dumaguete City. / _cby Rosa Mae Balolong, Rhenwil Jack Nesmith, Jennifer Sotto and Liezl Velasco |
| 264 |
_aDumaguete City _bFoundation Uiniversity, _c2018. _42018. |
||
| 300 |
_ax, 154 leaves : _bill. (chiefly color) ; _c28 cm. _3volume _fresource |
||
| 336 |
_2rdacontent _atext _btxt |
||
| 337 |
_2rdamedia _aunmediated _bn |
||
| 338 |
_3rdacarrier _avolume _bnc |
||
| 502 | _eUndergraduate feasibility (BS in Administration Major in Financial management ) - - Foundation University, 2015. | ||
| 504 | _aIncludes bibliographical references and appendices. | ||
| 520 | _aABSTRACT The growing population of vehicles in the city aim to provide a quality of services and products of a gasoline to the community. The main purpose for conducting this feasibility study is to determine the effectiveness of Pit Stop Gasoline station in Batinguel, Dumaguete City. The researchers provide a survey questionnaires and some interview with the respondents in gathering information conducted in data was analysed, Candau-ay, Batinguel, Motong and Palinpincn. The data interpreted and presented by tables. The result shows that the highest possible location of the gasoline station was near Batinguel Elementary School. The conclusion and recommendation was drawn based on the findings of the survey. Based on the findings, conducting Pit Stop Gasoline Station is effective. There are 86.2% of respondents considered in patronizing the gasoline station once estabiished. The study made a number of conclusions, most important of which is: there is statistically significant relationship between the location, demand, price, and the competitors. | ||
| 650 |
_aFeasibility studies _zPhilippines. _zDumaguete City. _915516 |
||
| 650 |
_aGasoline stations _zPhilippines. _zDumaguete City. _915517 |
||
| 650 |
_aService stations _zPhilippines. _zDumaguete City. _914619 |
||
| 650 |
_aSmall business _zPhilippines _zDumaguete City. _913723 |
||
| 658 |
_aProject Feasibility Study : _bAdministration Major in Financial Management Bachelor of Science in ; _cFSB301 |
||
| 700 |
_aNesmith, Rhenwil Jack _qco-author _915518 |
||
| 700 |
_aSitto, Jennifer _qco-author _915519 |
||
| 700 |
_aVelasco, Liezl _eco-author _915520 |
||
| 942 |
_2lcc _cFS _hLG 221 D35 B87 _iA5 B87 F56 2018 B35 _kCBA (FinMgt-FS) |
||
| 999 |
_c5758 _d5758 |
||